• 首页
  • 本馆介绍
  • 公告通知
  • 最新文献
  • 馆藏检索
  • 电子资源
  • 读者导购
  • 参考咨询
  • 我的图书馆
  • 登录
  • 详细信息显示
  • 放入我的书架
  • 预约/预借图书
  • 作者相关作品
  • 分类相关作品
  • 丛书相关作品
  • 出版社相关作品

书目信息

  • 表格格式
  • 工作单格式
  • 卡片格式
题名:
秘书ABC
    
 
作者: 工藤 , 南海夫 著 ;李建华 , 刘力群 译
分册:  
出版信息: 北京   档案出版社  1988.6
页数: 82页
开本: 19cm
丛书名:
单 册:
中图分类: C931.46
科图分类:
主题词: 文书工作
电子资源:
ISBN: 7-80019-117-6
000 00708nam0 2200253 45
001 0189010649
005 20050606095136.5
010    @a7-80019-117-6@dCNY0.95
020    @aCN@b89010649
100    @a19910105d1988 m y0chiy0120 ea
101 1  @achi@cjpn
102    @aCN@b110000
105    @ay z 000yy
200 10 @a秘书ABC@Ami shu ABC@f(日)工藤,南海夫著@F(Ri)Gong Teng,Nan Hai Fu Zhu@g李建华,刘力群译
210    @a北京@c档案出版社@d1988.6
215    @a82页@d19cm
606 0  @a文书工作
690    @aC931.46@v3
701  0 @a工藤@4著
701  0 @a南海夫@4著
702  0 @a李建华@Ali jian hua@4译
702  0 @a刘力群@Aliu li qun@4译
801  0 @aCN@bNLC@c19910105
905    @dC931.46@e102@f1@b217227
    
    秘书ABC/(日)工藤,南海夫著/李建华,刘力群译.-北京:档案出版社,1988.6
    82页;19cm
    
    
    ISBN 7-80019-117-6:CNY0.95
    
●
相关链接 在E读中查询图书 在五车中查询图书 在当当中查询图书 在豆瓣中查询图书


正题名:秘书ABC     索取号:C931.46/102         预约/预借

序号 登录号 条形码 馆藏地/架位号 状态 备注
1 0217225   001028505   密集书库/ [索取号:C931.46/102] 在馆    
2 0217226   001986532   密集书库/ [索取号:C931.46/102] 在馆    
3 0217227   001028499   第一样本阅览室/ [索取号:C931.46/102] 在馆    
唐山师范学院图书馆 欢迎您!
大连网信软件有限公司© 版权所有